| 000 | 00322cam a2200133ua 4500 | ||
|---|---|---|---|
| 082 |
_a624.171 _bVAZ/AN |
||
| 100 |
_aVazirani, V N . _91702 |
||
| 245 | _aAnalysis of Structures / | ||
| 250 | _a1 / | ||
| 260 |
_aDelhi : _bKhanna Publishers , _c1965. |
||
| 300 | _a602 ; . | ||
| 700 | 1 |
_aRatwani, M. M . _91703 |
|
| 942 | _cBK | ||
| 999 |
_c5549 _d5549 |
||